Zoznam devízových periodík objednaných na rok 1988

Guardado en:
Detalles Bibliográficos
Formato: Libro
Lenguaje:checo
Publicado: Bratislava Ústredná ekonomická knižnica SSR pri VŠE 1988
Etiquetas: Agregar Etiqueta
Sin Etiquetas, Sea el primero en etiquetar este registro!

MARC

LEADER 00000nam a2200000 4500
001 c032514
005 20240729124408.1
041 0 |a cze 
044 |a SK 
245 1 0 |a Zoznam devízových periodík objednaných na rok 1988  |c zostavila: Leokádia Modrovská 
264 1 |a Bratislava  |b Ústredná ekonomická knižnica SSR pri VŠE  |c 1988 
300 |a 14 s.